000
00323pab a2200145 454500
008
180718b1995 xxu||||| |||| 00| 0 eng d
100
_a
Nariman, Fali S.
245
_a
Seshan case
260
_c
1995
300
_a
p.8
362
_a
23 Jul
650
_a
Election officials - India
773
_a
Statesman
909
_a
29876
999
_c
29876
_d
29876